000 00605cam a2200193 a 4500
001 000004407
005 20200929151434.0
008 950608s1970 mx 000 0aspa d
040 _aDO-SdBNP
_bspa
_cBNPHU
041 1 7 _aspa
_heng
082 _a833.3162
_bV215u
100 1 _aValtin, Jan,
_d1904-1951.
_912963
245 1 3 _aLa noche quede atras /
_cJan Valtin ; traucción Juan Rodríguez Chicano.
260 _aMéxico, D. F. :
_bDiana,
_c1970.
300 _avi, 800 p. ;
_c21 cm.
650 4 _aNovela alemana
_93302
650 4 _aLiteratura alemana
_93274
700 1 _aRodríquez Chicano, Juan,
_etr.
_912964
999 _c4216
_d4216